Tratado teórico y práctico de las pruebas en derecho civil y en derecho penal

Uloženo v:
Podrobná bibliografie
Hlavní autor: Bonnier, Edouard (Autor)
Médium: Kniha
Jazyk:španělština
Vydáno: Madrid Reus 1913
Vydání:4a. ed
Edice:Biblioteca Jurídica de Autores Españoles y Extranjeros, 1-9
Témata:
Tagy: Přidat tag
Žádné tagy, Buďte první, kdo vytvoří štítek k tomuto záznamu!

MARC

LEADER 00000nam a2200000 a 4500
001 UCS1002
003 CL-VaPUC
008 970506e19130000SP |||||||||||||||||spa|d
082 0 4 |a 347.06  |b BON  |2 21 
100 |a Bonnier, Edouard  |e author  |9 484958 
245 1 0 |a Tratado teórico y práctico de las pruebas en derecho civil y en derecho penal 
250 |a 4a. ed 
300 |a v 
942 |c BK 
945 |d 19970506 00:00:00  |a paguirre 
260 |a Madrid  |b Reus  |c 1913 
650 0 |a Derecho procesal civil  |9 258071 
650 0 |a Procedimiento civil  |9 254870 
650 0 |a Derecho procesal penal   |9 256392 
650 0 |a Pruebas  |9 256249 
650 0 |a Apreciación de la prueba  |9 254854 
650 7 |a TESTIGOS  |2 CL-VaPUC  |9 384973 
650 0 |a Prueba testimonial  |9 370024 
650 7 |a CONFESION  |2 CL-VaPUC  |9 314483 
583 |a last modification  |c 19970506 00:00:00  |k Rodrigo Vera 
490 0 |a Biblioteca Jurídica de Autores Españoles y Extranjeros, 1-9 
999 |c 259113  |d 259111 
952 |0 0  |1 0  |4 0  |6 347_060000000000000_BON_1913  |7 0  |8 X  |9 283678  |a BIBDER  |b BIBDER  |d 2019-11-19  |h v.1  |i 1841246  |o 347.06 BON 1913  |p 1841246  |r 2023-01-25  |w 2019-11-19  |y BK_X  |k DER 
952 |0 0  |1 0  |4 0  |6 347_060000000000000_BON_1913  |7 0  |8 X  |9 283679  |a BIBDER  |b BIBDER  |d 2019-11-19  |h v.2  |i 1841254  |o 347.06 BON 1913  |p 1841254  |r 2023-01-25  |w 2019-11-19  |y BK_X  |k DER